[Event "ROM-ch U10 Girls"]
[Site "Baile Felix"]
[Date "2017.02.02"]
[Round "1"]
[White "Pap, Blanca Maria"]
[Black "Sufan, Carmen Antonia"]
[Result "1-0"]
[WhiteElo "1072"]
[BlackElo "1001"]
[PlyCount "50"]
[EventDate "2017.02.02"]
[EventType "swiss"]
[EventRounds "9"]
[EventCountry "ROU"]
[SourceTitle "CBM 176 Extra"]
[Source "ChessBase"]
[SourceDate "2017.03.02"]
[SourceVersion "1"]
[SourceVersionDate "2017.03.02"]
[SourceQuality "1"]

1. e4 e5 2. Nf3 Nc6 3. Bc4 Nf6 4. Ng5 d6 5. Nxf7 Qe7 6. Nxh8 Ng4 7. h3 Nf6 8. Nc3 Be6 9. Bxe6 Qxe6 10. d3 d5 11. exd5 Nxd5 12. Nb5 Qg8 13. Qf3 Bb4+ 14. c3 Bf8 15. c4 Nd4 16. Nxd4 c6 17. cxd5 cxd5 18. Qh5+ g6 19. Qxe5+ Be7 20. Nb5 Rc8 21. Nd6+ Kd7 22. Nxc8 Qxc8 23. Qxd5+ Ke8 24. Qg8+ Kd7 25. Qxc8+ Kxc8 1-0

[Event "ROM-ch U10 Girls"]
[Site "Calimanesti Caciulata"]
[Date "2016.04.25"]
[Round "9"]
[White "Pap, Blanca Maria"]
[Black "Albota, Carolina Ana"]
[Result "1/2-1/2"]
[WhiteElo "1227"]
[BlackElo "1082"]
[PlyCount "99"]
[EventDate "2016.04.18"]
[EventType "swiss"]
[EventRounds "9"]
[EventCountry "ROU"]
[SourceTitle "EXT 2017"]
[Source "ChessBase"]
[SourceDate "2016.10.25"]
[SourceVersion "1"]
[SourceVersionDate "2016.10.25"]
[SourceQuality "1"]

1. e4 e6 2. d4 d5 3. exd5 exd5 4. Bd3 Bd6 5. h3 Nf6 6. Nf3 Nc6 7. 0-0 0-0 8. Bg5 h6 9. Bh4 Be6 10. c3 Be7 11. Nbd2 Nd7 12. Bg3 Bg5 13. Nxg5 Qxg5 14. Nf3 Qe7 15. Bxc7 Nf6 16. Bg3 Ne4 17. Bxe4 dxe4 18. Nh2 Bd5 19. Qc2 e3 20. c4 exf2+ 21. Bxf2 Be4 22. Qe2 Bf5 23. Qxe7 Nxe7 24. d5 Bd3 25. Rfc1 Rac8 26. b3 b5 27. cxb5 Bxb5 28. Bc5 Rfe8 29. Bxe7 Rxc1+ 30. Rxc1 Rxe7 31. Rc8+ Re8 32. Rxe8+ Bxe8 33. Nf3 Bb5 34. Ne5 f6 35. Nc6 a6 36. a4 Bd3 37. d6 Bf5 38. g4 Be6 39. Kf2 Kf8 40. Ke3 Ke8 41. Kd4 Kd7 42. Kc5 Bxb3 43. Nb8+ Ke6 44. d7 Ke7 45. Kc6 Bxa4+ 46. Kc7 Bxd7 47. Nxd7 a5 48. Nb6 Ke6 49. Kc6 Ke5 50. Nc4+ 1/2-1/2

[Event "ROM-ch U10 Girls"]
[Site "Calimanesti Caciulata"]
[Date "2016.04.21"]
[Round "5"]
[White "Pap, Blanca Maria"]
[Black "Andreev, Ileana Alexia"]
[Result "1-0"]
[WhiteElo "1227"]
[BlackElo "1001"]
[PlyCount "93"]
[EventDate "2016.04.18"]
[EventType "swiss"]
[EventRounds "9"]
[EventCountry "ROU"]
[SourceTitle "CBM 172 Extra"]
[Source "ChessBase"]
[SourceDate "2016.06.21"]
[SourceVersion "1"]
[SourceVersionDate "2016.06.21"]
[SourceQuality "1"]

1. e4 e5 2. Nf3 Nc6 3. Bc4 Nf6 4. Ng5 Nxe4 5. Nxe4 Be7 6. Ng3 d5 7. Be2 0-0 8. 0-0 Be6 9. d3 d4 10. c3 Bh4 11. Ne4 Bd5 12. Bf3 f5 13. Nc5 Rb8 14. c4 Bxf3 15. Qxf3 Qd6 16. Qd5+ Rf7 17. Qxd6 cxd6 18. Ne6 Re8 19. Ng5 Bxg5 20. Bxg5 Nb4 21. Nd2 Nxd3 22. Rab1 h6 23. Bh4 g5 24. Bg3 f4 25. h3 Rd7 26. Bh2 Kf7 27. g3 Rg8 28. Ne4 h5 29. b4 h4 30. Rfd1 hxg3 31. Rxd3 gxh2+ 32. Kxh2 Ke6 33. c5 Kf5 34. Nxd6+ Ke6 35. a4 Rh7 36. Rg1 g4 37. Ne4 f3 38. Rg3 Kf5 39. Nd6+ Kf4 40. b5 b6 41. cxb6 axb6 42. Nc4 e4 43. Rxd4 Rxh3+ 44. Kg1 Rgh8 45. Kf1 Rh1+ 46. Rg1 Rxg1+ 47. Kxg1 1-0